zpět

Detail výsledku týmu

Na Tahu , Olomouc

Datum a čas kvízu

26 Celkem bodů Celkový počet nahraných bodů na tomto kvízu bez doplňovacích otázek.
4. Pořadí na kvízu Konečné umístění týmu na tomto kvízu.

Zaznamenané odpovědi

# Otázka Odpověď Body Výsledky
1. V Olomouci se objevil případ m... na sušáku na prádlo (na klepači na koberce) 1
2. Který ze členů britské královs... princ Andrew 1
3. Jak si říká anglický zpěvák, k... Yungblud 1
4. Kim Kardashian minulý týden př... Jsou chlupaté. 0
5. Minulý týden se na internetu o... Manchester United 1
6. Napište jméno pouště na obrázk... Namib (Namibská poušť) 1
7. Uveďte, kterým čtyřpísmenným p... vádí 0
8. Vyberte, se kterým živočichem... B 1
9. Pokud bylo cílovým místem slav... růžová (Růžové jezero) 1
10. Britský umělec Gordon Sumner s... Sting 1